Čína a jej ekonomický rast - dôsledky pre medzinárodný energetický trh (vplyvy a konzekvencie na hospodársku stratégiu SR) dizertačná práca

Gespeichert in:
Bibliographische Detailangaben
1. Verfasser: Zábojník, Stanislav, 1984-
Körperschaft: Ekonomická univerzita v Bratislave. Obchodná fakulta
Weitere Verfasser: Baláž, Peter
Format: Buch
Sprache:Slowakisch
Veröffentlicht: Bratislava 2010
Schlagworte:
Tags: Tag hinzufügen
Keine Tags, Fügen Sie das erste Tag hinzu!

MARC

LEADER 00000nam a2200000 4500
001 0124456
005 20240502072416.4
041 0 |a slo 
044 |a SK 
245 1 0 |a Čína a jej ekonomický rast - dôsledky pre medzinárodný energetický trh (vplyvy a konzekvencie na hospodársku stratégiu SR)  |b dizertačná práca  |c Stanislav Zábojník ; škol. Peter Baláž 
264 1 |a Bratislava  |c 2010 
300 |a 175 s. 
610 2 0 |a Čína 
610 2 0 |a rast hospodársky 
610 2 0 |a stratégia hospodárska 
610 2 0 |a Slovensko 
610 2 0 |a politika energetická 
610 2 0 |a trh energetický 
610 2 0 |a bezpečnosť energetická 
610 2 0 |a ropa 
100 1 |a Zábojník, Stanislav, 1984- 
700 1 |a Baláž, Peter 
710 2 |a Ekonomická univerzita v Bratislave. Obchodná fakulta